Lead sorption onto ferrihydrite. 2. Surface complexation modeling /
Đã lưu trong:
| Andre forfattere: | , , , |
|---|---|
| Format: | Bài viết |
| Sprog: | English |
| Fag: | |
| Tags: |
Tilføj Tag
Ingen Tags, Vær først til at tagge denne postø!
|
| Thư viện lưu trữ: | Thư viện Trường Đại học Đà Lạt |
|---|
| LEADER | 00917nam a2200313 4500 | ||
|---|---|---|---|
| 001 | DLU090093552 | ||
| 005 | ##20091201 | ||
| 040 | # | # | |a DLU |b eng |
| 041 | # | # | |a eng |
| 044 | # | # | |a us |
| 245 | # | # | |a Lead sorption onto ferrihydrite. 2. Surface complexation modeling / |c James A. Dyer ... [et al.]. |
| 653 | # | # | |a Adsorption isotherm |
| 653 | # | # | |a Ferrihydrite |
| 653 | # | # | |a Sediments |
| 653 | # | # | |a Soil pollution |
| 700 | # | # | |a Dyer, James A. |
| 700 | # | # | |a Scrivner, Noel C. |
| 700 | # | # | |a Sparks, Donald L. |
| 700 | # | # | |a Trivedi, Paras. |
| 773 | # | # | |t Environmental Science & Technology |g Vol. 37, no. 5 (March 2003), p. 915-922 |
| 920 | # | # | |a Phòng Tạp chí -- Trung tâm Thông tin - Thư viện Trường Đại học Đà Lạt |
| 994 | # | # | |a DLU |
| 900 | # | # | |a True |
| 911 | # | # | |a Trương Bảo Trâm Anh |
| 925 | # | # | |a G |
| 926 | # | # | |a A |
| 927 | # | # | |a BB |
| 980 | # | # | |a Thư viện Trường Đại học Đà Lạt |